| 000 | 00366nam a2200145 a 4500 | ||
|---|---|---|---|
| 001 | 3604 | ||
| 003 | CDMR | ||
| 005 | 20130116135246.0 | ||
| 008 | 130130s1967||||||||||||||||||||||||||||d | ||
| 040 |
_aCDMR _bcat _cCDMR |
||
| 100 | 1 |
_aLevy, H. Phillipe _92571 |
|
| 245 | 1 | 4 |
_aThe press council _bHistory procedure and cases |
| 260 |
_aNew York _c1967 _bMacmillan |
||
| 942 | _cMON | ||
| 999 |
_c3604 _d3604 |
||